UM Logo

Panulaan at dulaang Leytenhon - Samarnon/ (Record no. 6684)

MARC details
000 -LEADER
fixed length control field 00468nam a22001457a 4500
008 - FIXED-LENGTH DATA ELEMENTS--GENERAL INFORMATION
fixed length control field 170425b xxu||||| |||| 00| 0 eng d
020 ## - INTERNATIONAL STANDARD BOOK NUMBER
International Standard Book Number 9715501370
082 ## - DEWEY DECIMAL CLASSIFICATION NUMBER
Edition number 1994
Classification number DFil 899.2111
Item number P19
245 ## - TITLE STATEMENT
Title Panulaan at dulaang Leytenhon - Samarnon/
Statement of responsibility, etc. Compiled and translated by Jaime B. Polo
260 ## - PUBLICATION, DISTRIBUTION, ETC. (IMPRINT)
Place of publication, distribution, etc. Quezon City:
Name of publisher, distributor, etc. ADMU Press,
Date of publication, distribution, etc. c1994.
300 ## - PHYSICAL DESCRIPTION
Extent ix, 370 pages;
Dimensions 17 cm.
650 #0 - SUBJECT ADDED ENTRY--TOPICAL TERM
9 (RLIN) 20254
Topical term or geographic name as entry element Filipino poetry.
650 #0 - SUBJECT ADDED ENTRY--TOPICAL TERM
9 (RLIN) 20255
Topical term or geographic name as entry element Filipino drama.
942 ## - ADDED ENTRY ELEMENTS (KOHA)
Source of classification or shelving scheme Dewey Decimal Classification
Koha item type Filipiniana
Holdings
Withdrawn status Lost status Source of classification or shelving scheme Damaged status Not for loan Collection code Home library Current library Date acquired Source of acquisition Total Checkouts Full call number Barcode Date last seen Price effective from Koha item type
    Dewey Decimal Classification     Filipiniana UM Digos College - LIC UM Digos College - LIC 10/28/2003 Purchased   DFil 899.2111 P19 1994 16378 06/08/2021 04/25/2017 Filipiniana